000 00972nam a2200277 a 4500
001 BRCA_4874
005 20190320204836.0
008 141010c1973----it-ao#####---#000-0#eng-#
041 _aeng
044 _ait
050 4 _aPG7297
_b.L66 1973
245 1 0 _aLombardia
_cby Andrea Caizzi ... [et al.] ; texts translated by Rudolf G. Carpanini, Daphne Hughes and Patricia Kennan.
260 _aItalia
_bElecta
_c1973
300 _a512 p.
_bil. (algunas a color), 567 láminas
_c31 cm.
440 0 _aBanca Nacionale del Laboro
_912337
500 _aColección Sonia Corcuera de Mancera
500 _aIncluye índice de ilustraciones
504 _aBibliografía: p. 499-502
651 4 _aLombardia
_vCatálogos
_xarte e historia
_zItalia
_912338
700 1 _aCarpanini, Rudolf G.
_eTraductor
_912339
700 1 _aHughes, Daphne
_eTraductora
_912340
700 1 _aKennan, Patricia
_eTraductora
_912341
700 1 _aCaizzi, Andrea
_912279
902 _aDSC
942 _2lcc
_cB
999 _c4568
_d4568